| 000 | 01127nac a22002771u 4500 | ||
|---|---|---|---|
| 010 | _a 2006003470 | ||
| 020 | _a0321382188 (pbk. : alk. paper) | ||
| 020 | _a9780321382184 | ||
| 035 | _a(OCoLC)ocm63472788 | ||
| 082 | 0 | 0 |
_a005.2768 _bBEA |
| 090 |
_c5191 _d5191 |
||
| 100 | _aBeauchemin, Bob. | ||
| 245 | 1 | 2 |
_aA developer's guide to SQL server 2005 / _cBob Beauchemin, Dan Sullivan. |
| 260 |
_aUpper Saddle River, NJ : _bAddison-Wesley,2006 _cc2006. |
||
| 300 |
_alvii, 997 p. : _bill. ; _c24 cm. |
||
| 440 | 0 | _aMicrosoft .NET development series | |
| 500 | _adistributer: Al-Ahram | ||
| 504 | _aIncludes bibliographical references (p. 963-964) and index. | ||
| 511 | _acatalogued by: wessam | ||
| 650 | 0 | _aClient/server computing. | |
| 650 | 0 | _aRelational databases. | |
| 700 | 1 | _aSullivan, Dan. | |
| 856 | 4 | 1 |
_3Table of contents only _uhttp://www.loc.gov/catdir/toc/ecip067/2006003470.html |
| 942 |
_cBB _k005.2768005.2768 |
||
| 999 |
_c5191 _d5191 |
||